000 00729nam a2200205Ii 4500
003 JO-AjNU
008 230605s9999||||xx |||||||||||||| ||und||
040 _aJO-AjNU
_bara
_erda
_cJO-AjNU
041 _aara
050 1 4 _aQ127.A7.Y87 1996
100 3 _aمحمود، يوسف,
_eauthor
_916406
245 0 0 _aالانجازات العلمية في الحضارة الاسلامية
250 _aط1
264 3 1 _aعمان:دار البشير/بيروت:مؤسسة الرسالة ،1996
300 _a330ص
336 _atext
_btxt
_2rdacontent
337 _aunmediated
_bn
_2rdamedia
338 _avolume
_bnc
_2rdacarrier
650 4 _aالعلوم عند المسلمين- تاريخ -الحضارة الاسلامية
_916407
999 _aA4853
_c8421
_d8421